000 00301nam a2200109Ia 4500
008 171211s9999 xx 000 0 und d
245 _aSoviet Partisan 1941-1944
245 _cNik Cornish
260 _c2014
650 _xMilitary
856 _uhttp://down.ebook777.com/Soviet%20Partisan%201941-1944.pdf
999 _c348287
_d348287